000 00533nmm a2200169Ia 4500
008 251105s9999||||xx |||||||||||||||||und||
020 _a0916379337
041 _aeng
100 _aYost, George
245 0 _aPieracci And Shelley: An Italian Ur-Cenci
264 _a[Washington, Estados Unidos] :
_bScripta Humanistica,
_c1986
300 _a141 páginas
490 _aItalian Literature, Language, and Culture
650 _aItalian literature and language
856 _uhttps://public.digitaliapublishing.com/a/252
942 _cCF
999 _c72917
_d72917